000 00575cam a2200181 4500
001 D11749
008 090401t xxu||||| |||| 00| 0 eng d
035 _a(Sirsi) u99482
041 _aeng
100 _aWatson, R.B.
245 _aMeasurement principles in electrical installations
350 _a0
520 _aIn RICS QS Div. and Electrical Contractors` Assoc. Engineering services: electrical installations. One-day conference, at RICS 23 March 1983. 1983/7 ABC
650 _aELECTRICAL SERVICES
650 _aENGINEERING SERVICES
942 _n0
948 _c04/03/1997
999 _c99354
_d99354